000 00362 a2200157 4500
001 152605
040 _cEscola São Tomás de Aquino
100 _aSHAKESPEARE, William
240 1 0 _aMuito barulho por nada
_lpor
245 1 0 _aMuito barulho por nada
300 _a111
362 0 _a2000
440 1 _aScipione
697 _a*LITERATURA JUVENIL
942 _cBK
999 _c152605
_d152605